000 00481nam a2200181Ia 4500
005 20250326124124.0
008 250326s9999 xx 000 0 und d
037 _aTextbook
040 _aFMSL
_beng
_cFMSL
041 _aeng
_2eng
084 _aX:51 K1;4
_qFMSL
100 _aJagasia K
_9736821
245 0 _aMarketing management
_cJagasia K
260 _aDelhi
_bDelhi, Kitab Mahal
_c1961
300 _a256p
942 _cTB
_hX:51 K1;4
999 _c1272387
_d1272387